Best 1st NBA Draft Picks Ever - Statistics

General Stats
  • This quiz has been taken 1,153 times
    1,147 since last reset
  • The average score is 15 of 36
Answer Stats
Year Player % Correct
2003 LeBron James
93%
1982 James Worthy
80%
2010 John Wall
75%
1984 Hakeem Olajuwon
71%
1979 Earvin 'Magic' Johnson
68%
2011 Kyrie Irving
65%
1992 Shaquille O'Neal
61%
1996 Allen Iverson
60%
1969 Kareem Abdul-Jabbar
60%
2012 Anthony Davis
58%
1991 Larry Johnson
57%
1997 Tim Duncan
55%
1987 David Robinson
54%
2004 Dwight Howard
54%
2008 Derrick Rose
53%
1994 Glenn Robinson
53%
1960 Oscar Robertson
53%
1966 Cazzie Russell
52%
2009 Blake Griffin
48%
1985 Patrick Ewing
42%
2002 Yao Ming
39%
1993 Chris Webber
27%
1958 Elgin Baylor
25%
2000 Kenyon Martin
21%
1974 Bill Walton
20%
1961 Walt Bellamy
19%
1999 Elton Brand
18%
1983 Ralph Sampson
17%
1968 Elvin Hayes
14%
1990 Derrick Coleman
11%
1988 Danny Manning
9%
1975 David Thompson
9%
1981 Mark Aguirre
8%
1970 Bob Lanier
5%
1959 Bob Boozer
3%
1973 Doug Collins
2%
No matching quizzes found
Score Distribution
Percent of People with Each Score
Percentile by Number Answered
Your Score History
You have not taken this quiz since the last reset